| 000 | 00620nam a22002177a 4500 | ||
|---|---|---|---|
| 003 | OSt | ||
| 005 | 20140310183008.0 | ||
| 008 | 130211t xxu||||| |||| 00| 0 eng d | ||
| 020 | _a9789712725760 | ||
| 050 |
_aP 94.6.P6 _b.M468a 2011 |
||
| 082 |
_aP94.6 _b.M468a 2011 |
||
| 245 |
_aMedia and culture : _bglobal homogeneity and local identity for Asian Congress for Media & Communication / _cedited by Rachel E. Khan. |
||
| 260 |
_aManila : _bAnvil, _c2011. |
||
| 300 |
_a192 p. : _c23 cm. |
||
| 521 | _aMC | ||
| 650 | _aMedia | ||
| 650 | _aCulture | ||
| 942 |
_2lcc _cBK _kLOC |
||
| 999 |
_c18200 _d18200 |
||